| 000 | 00801nam a2200217 i 4500 | ||
|---|---|---|---|
| 001 | 176977 | ||
| 003 | ES-MaACL | ||
| 005 | 20250828022616.0 | ||
| 008 | 110222s1968 sp o ||||0| spa d | ||
| 080 | _a27-47-053.6 | ||
| 100 | 1 |
_aMaluquer Trepat, Salvador. _9145315 |
|
| 245 | 1 | 1 |
_a_Y en el fuego, la noche y la montaña estaba Dios / _cSalvador Maluquer Trepat, Juan José Fernández Sanz. |
| 260 |
_aSalamanca : _bSígueme, _c1968. |
||
| 300 |
_a5 partes guardadas en carpeta : _b2 fot. bl. y n. ; _c22 cm + _e1 libreto de partituras. |
||
| 490 | 1 |
_aFe y vida ; _v3 |
|
| 650 | 0 | 7 |
_aEducación cristiana de jóvenes _2embne _912091 |
| 700 | 0 |
_aFernández Sanz, Juan José. _950081 |
|
| 830 | 0 |
_aFe y vida ; _v3 _9190316 |
|
| 852 |
_aES-MaACL _jE-14398 _xOlim P-1340 |
||
| 999 |
_c176977 _d176977 |
||